Almanaque topa-a-tudo (Registo nº 2880)
[ vista simples ]
| 000 -Etiqueta do registo | |
|---|---|
| Cabeçalho | 00705nam a22002531 4500 |
| 005 - Identificador da versão | |
| Campo de controlo | 20240813121947.0 |
| 095 ## - | |
| -- | PTBN00020986 |
| 100 ## - Dados gerais de processamento | |
| Dados gerais de processamento | 19910607d1980 cd y0pory5003 ba |
| 102 ## - Pais de publicação ou produção | |
| País de publicação | Portugal |
| 101 1# - Língua de publicação | |
| Língua do texto, banda sonora, etc. | Português |
| 106 ## - Campo de dados codificados: material textual | |
| Dados codificados do material textual | r |
| 215 ## - Descrição física | |
| Indicação específica da natureza do documento e extensão da espécie | [16] p. |
| Outras indicações físicas | il. |
| Dimensões | 27 cm |
| 200 1# - Titulo e menção de responsabilidade | |
| Título próprio | Almanaque topa-a-tudo |
| Primeira menção de responsabilidade | Pellegrini e Nidasio |
| Outras menções de responsabilidade | trad. Manuel Ruas |
| 210 ## - Publicação, Distribuição, etc. | |
| Lugar da edição, distribuição, etc. | Lisboa |
| Nome do editor, distribuidor, etc. | Plátano |
| Data da publicação, distribuição, etc. | 1980 |
| 606 ## - Nome comum usado como assunto | |
| Número de registo de entrada de autoridade | 0001955 |
| Palavra de ordem | Literatura estrangeira infanto-juvenil |
| Subdivisão de assunto | Poesia |
| 675 ## - Classificação Decimal Universal (CDU) | |
| Notação | 82-1 |
| Edição | 2ª |
| Língua da edição | por |
| 702 #1 - Nome de autor-pessoa física (responsabilidade secundária) | |
| Número de registo de entrada de autoridade | 0001958 |
| Palavra de ordem | Ruas |
| Outra parte do nome não tomada para palavra de ordem | Manuel |
| Código de função | Tradutor |
| 701 #0 - Nome de autor-pessoa física (co-responsabilidade principal) | |
| Palavra de ordem | Nidasio |
| Código de função | Autor / Co-autor |
| 700 #0 - Nome de autor-pessoa física (responsabilidade principal) | |
| Número de registo de entrada de autoridade | 0001956 |
| Palavra de ordem | Pellegrini |
| 942 ## - Elementos de entrada adicionados (Koha) | |
| Tipo de item no Koha | Livro |
| Situação do levantamento | Origin of item (home branch) (coded) | Biblioteca de empréstimo | Código de barras | Cota | Circulation type (not for loan) | Tipo de documento | Nota do exemplar | Damaged status |
|---|---|---|---|---|---|---|---|---|
| Biblioteca Escolar da Coca Maravilhas | Biblioteca Escolar da Coca Maravilhas | BECM1311/91 | 8EST POE PEL | Livro | Sem mensagem |
